The sciences : (Record no. 5647)
[ view plain ]
| 000 -LEADER | |
|---|---|
| fixed length control field | 00923pam a2200277 a 4500 |
| 001 - CONTROL NUMBER | |
| control field | 1106888 |
| 003 - CONTROL NUMBER IDENTIFIER | |
| control field | mut |
| 005 - DATE AND TIME OF LATEST TRANSACTION | |
| control field | 20240606081000.0 |
| 008 - FIXED-LENGTH DATA ELEMENTS--GENERAL INFORMATION | |
| fixed length control field | 930518s1994 nyuab b 000 0 eng |
| 010 ## - LIBRARY OF CONGRESS CONTROL NUMBER | |
| LC control number | 93022885 |
| 020 ## - INTERNATIONAL STANDARD BOOK NUMBER | |
| International Standard Book Number | 0471303003 (pbk. : acidfree paper) |
| 040 ## - CATALOGING SOURCE | |
| Original cataloging agency | DLC |
| Transcribing agency | DLC |
| Modifying agency | DLC |
| 050 10 - LIBRARY OF CONGRESS CALL NUMBER | |
| Classification number | Q161.2 |
| Item number | .T74 1994 |
| 082 00 - DEWEY DECIMAL CLASSIFICATION NUMBER | |
| Classification number | 500 |
| Edition information | 20 |
| 100 1# - MAIN ENTRY--PERSONAL NAME | |
| Personal name | Trefil, James, |
| Dates associated with a name | 1938- |
| 245 14 - TITLE STATEMENT | |
| Title | The sciences : |
| Remainder of title | an integrated approach / |
| 250 ## - EDITION STATEMENT | |
| Edition statement | A prelim. ed. |
| 260 ## - PUBLICATION, DISTRIBUTION, ETC. | |
| Place of publication, distribution, etc. | New York : |
| Name of publisher, distributor, etc. | Wiley, |
| Date of publication, distribution, etc. | c1994. |
| 300 ## - PHYSICAL DESCRIPTION | |
| Extent | xxx, 545 p. : |
| Other physical details | ill., maps ; |
| Dimensions | 28 cm. |
| 504 ## - BIBLIOGRAPHY, ETC. NOTE | |
| Bibliography, etc. note | Includes bibliographical references. |
| 650 #0 - SUBJECT ADDED ENTRY--TOPICAL TERM | |
| Topical term or geographic name entry element | Science. |
| 700 1# - ADDED ENTRY--PERSONAL NAME | |
| Personal name | Hazen, Robert M., |
| Dates associated with a name | 1948- |
| 906 ## - LOCAL DATA ELEMENT F, LDF (RLIN) | |
| a | 7 |
| b | cbc |
| c | orignew |
| d | 1 |
| e | ocip |
| f | 19 |
| g | y-gencatlg |
| 942 ## - ADDED ENTRY ELEMENTS (KOHA) | |
| Source of classification or shelving scheme | Library of Congress Classification |
| Koha item type | Books |
| Withdrawn status | Lost status | Source of classification or shelving scheme | Damaged status | Not for loan | Home library | Current library | Date acquired | Total checkouts | Full call number | Barcode | Date last seen | Price effective from | Koha item type |
|---|---|---|---|---|---|---|---|---|---|---|---|---|---|
| Library of Congress Classification | Murang'a University of Technology Library | Murang'a University of Technology Library | 21/02/2017 | Q161.2 .T74 1994 | 005925 | 30/08/2024 | 21/02/2017 | Books |